000 00745nam a2200229Ia 4500
005 20241129104113.0
008 241129s9999||||xx |||||||||||||| ||und||
020 _a9781138489509
037 _aTextual
040 _aRTL
_beng
_cRTL
041 _aeng
_2eng
084 _aX:9-8.1 Q2;R2
_qRTL
100 _aTarique Ibraiz; Briscoe Dennis R; Schuler Randall S
_9724785
245 0 _aInternational human resource management: Policies and practices for multinational enterprises
_cTarique Ibraiz; Briscoe Dennis R; Schuler Randall S
250 _a6th
260 _aNew York
_bRoutledge
_c2022
300 _axx,502p.
365 _aINR
_b6975.09
650 _aCommerce
942 _cTB
_hX:9-8.1 Q2;R2
999 _c1224439
_d1224439